| 000 | 01181nam a22003617a 4500 | ||
|---|---|---|---|
| 003 | CHAP | ||
| 005 | 20220817040835.0 | ||
| 008 | 971013s1990 r 00010 d | ||
| 010 | _a1282 | ||
| 011 | _a2254 | ||
| 035 | _a1447 | ||
| 040 | _cCHAP | ||
| 090 | _aTesis | ||
| 100 | 0 | 0 |
_aBolaños Aguilar, Elsa Olga. _913464 |
| 245 | _aIdentificación y control de ácaros contaminantes en medios de cultivos | ||
| 260 |
_aChapingo, Méx. : _bEl autor, _c1990 |
||
| 300 |
_a37 h. _b; ilus |
||
| 500 | _a41-51 | ||
| 502 | _aTesis (Ing. Agr. Esp. en Parasitología Agrícola). -- UACH. Departamento de Parasitología Agrícola | ||
| 590 |
_aALEPH _b10 _c20130110 _lUCH01 _h1207 |
||
| 590 |
_aBATCH-UPD _b10 _c20130110 _lUCH01 _h0028 |
||
| 590 |
_aBATCH-UPD _b10 _c20130110 _lUCH01 _h1358 |
||
| 590 |
_aBATCH-UPD _b10 _c20130410 _lUCH01 _h0851 |
||
| 590 |
_aBATCH-UPD _b10 _c20130913 _lUCH01 _h1847 |
||
| 590 |
_aCONVERSION _b10 _c20130109 _lUCH01 _h1302 |
||
| 650 | 1 | 4 |
_aAcaricidas. _9404 |
| 650 | 1 | 4 | _aÁcaros. |
| 650 | 1 | 4 |
_aBacterias _xCultivos y medios de cultivo. _99319 |
| 650 | 1 | 4 |
_aHongos. _956084 |
| 901 | _aBK | ||
| 942 | _cTESIS | ||
| 949 |
_bBC _cTES _d-10933 _eTS1 _h23367 _i1447 _si |
||
| 999 |
_c1282 _d1282 |
||